| 000 | 00984cad a22001935a 4500 | ||
|---|---|---|---|
| 001 | L152908 | ||
| 008 | 110513s2011 xxk f 000 0 eng d | ||
| 035 | _a(Sirsi) u152908 | ||
| 041 | 0 | _aeng | |
| 110 | 2 |
_aChartered Institute of Building _92134 |
|
| 245 | 0 | 2 |
_aA report exploring skills in the UK construction industry _h[electronic resource] |
| 260 |
_aAscot _bCIOB _c2011 |
||
| 520 | _aThe fifth annual skills survey from the Chartered Institute of Building (CIOB); the key findings from this report indicate 77% of respondents believe a skill shortage exists in the construction industry, displaying a 5% increase from the 2010 survey; detailed results from the survey; | ||
| 590 | _aKA NTK | ||
| 651 | 4 |
_aUnited Kingdom _y |
|
| 690 | _aBUILT ENVIRONMENT-CONSTRUCTION MARKET | ||
| 856 | 4 | 0 |
_uhttps://www.ciob.org.uk/sites/ciob.org.uk/files/Skills%20in%20the%20Construction%20Industry%202011%20web.pdf _zView the report free of charge (PDF file) at www.ciob.org.uk |
| 942 | _n0 | ||
| 999 |
_c112257 _d112257 |
||